000 00436nam a2200145Ia 4500
003 OSt
005 20260130153253.0
008 211028s2018 xx 000 0 und d
040 _cAIMIT LIBRARY
041 _aeng
100 _aAcharys, Vighnaraj Vasudev; Rose, Swapna.
_g1616216
_97968
245 _aSatisfaction of employees towards welfare measures at KIOCL Mangalore /
260 _aMangalore
_bHarinakshi.
_c2018
942 _2ddc
_cPRO
999 _c219536
_d219536